Simulación e implementación de una red de sensores inalámbricos

সংরক্ষণ করুন:
গ্রন্থ-পঞ্জীর বিবরন
প্রধান লেখক: Fernández Mora, Luis Carlos, 1987-
অন্যান্য লেখক: Garita González, Fabián, 1988-, Solís Salazar, Kevin, 1989-, Gómez Cambronero, María Gabriela, 1989-, Pérez Arroyo, David José, 1988-, Willink Castro, Teodoro, 1986- Director del TFG
বিন্যাস: গ্রন্থ
ভাষা:Spanish
প্রকাশিত: [San José , Costa Rica] 2016
বিষয়গুলি:
ট্যাগগুলো: ট্যাগ যুক্ত করুন
কোনো ট্যাগ নেই, প্রথমজন হিসাবে ট্যাগ করুন!

MARC

LEADER 00000nam a22000007a 4500
003 012693
005 20230920081658.0
008 170928b2016 cr a|||| |m|| 00| ||spa d
040 |c cru CEDI 
090 |a TFG 7844 
100 |9 1560  |a Fernández Mora, Luis Carlos, 1987- 
245 |a Simulación e implementación de una red de sensores inalámbricos 
260 |a [San José , Costa Rica]  |c 2016 
300 |a xviii,158 hojas ;ilustraciones  
500 |a Seminario de graduación (licenciatura en ingeniería eléctrica)--Universidad de Costa Rica. Facultad de Ingeniería. Escuela de Ingeniería Eléctrica 
501 |a Director de Seminario de Graduación: Ing. Teodoro Willink Castro, M.Sc 
650 |x SISTEMAS DE COMUNICACION INALAMBRICA   |x REDES DE SENSORES INALAMBRICOS   |x SIMULACION POR COMPUTADORA   |x ALGORITMOS (COMPUTADORAS)  |x REDES DE SENSORES INALAMBRICOS - ABASTECIMIENTO DE ENERGIA   |x REDES DE SENSORES INALAMBRICOS - METODOS DE SIMULACION   |x REDES DE SENSORES INALAMBRICOS - ADMINISTRACION   |9 5640 
700 |9 1563  |a Garita González, Fabián, 1988- 
700 |9 1562  |a Solís Salazar, Kevin, 1989- 
700 |9 1561  |a Gómez Cambronero, María Gabriela, 1989- 
700 |9 1333  |a Pérez Arroyo, David José, 1988- 
700 |9 1465  |a Willink Castro, Teodoro, 1986-  |d Director del TFG  
942 |c CEDI 
999 |c 19033  |d 19033